| 000 | 00888nam a2200253 a 4500 | ||
|---|---|---|---|
| 001 | 000001941 | ||
| 003 | DO-SdBNP | ||
| 005 | 20240426094638.0 | ||
| 008 | 090630s1985 dr 001 0 spa d | ||
| 040 |
_aDO-SdBNP _bspa _cBPMSU |
||
| 082 | 4 |
_a338.91 _bC965t 1985 _222 |
|
| 100 | 1 | _aCuello H., José Israel | |
| 245 | 1 | 0 |
_aTres ponencias sobre política económica / _cJosé Israel Cuello H. |
| 260 |
_aSanto Domingo : _bEditora Taller, _c1985. |
||
| 300 |
_a103 p. ; _c21 cm. |
||
| 490 | 0 |
_aBiblioteca Taller ; _v186 |
|
| 504 | _aIncluye referencias bibliográficas y notas al pie de las páginas | ||
| 590 | _aInventariado, 2024/VM | ||
| 650 | 4 |
_aInversiones extranjeras _zRepública Dominicana |
|
| 651 | 4 |
_aRepública Dominicana _xPolítica Económica |
|
| 651 | 4 |
_aRepública Dominicana _xCondiciones Económicas |
|
| 910 | _aVMateo V. Control de calidad.BPMSU | ||
| 942 |
_2ddc _cBK |
||
| 999 |
_c14104 _d14104 |
||